000 01049nam a2200241Ia 4500
999 _c56342
_d56342
001 23455
003 GE_BSU
005 20260115202811.0
008 181216s1984ge xx |||||||||||||| ||geo||
020 _a5-511-00596-7
040 _cGE_BSU
041 _ageo
080 _a94(381) (092ალექსანდრე მაკედონელი) ს-26
100 _aსანიკიძე, ლევან
_917965
245 _aალექსანდრე მაკედონელი /
_c ლევან სანიკიძე ; რედ.: ნ. ლომოური ; მხატვ.: ა. ბუაძე.
264 _aთბილისი :
_bთბილ. უნ-ტის გამ-ბა,
_c1994.
300 _a364 გვ. ;
_b 20 სმ.
653 _aალექსანდრე მაკედონელი
653 _aისტორია
700 _a ლომოური. ნ
_eრედაქტორი
_917966
700 _a ბუაძე, ა
_eმხატვარი
_917967
942 _cBK
_2udc